Statistics for Top 5 Most Obese Countries by Continent

Click here to take the quiz!

General Stats

  • This quiz has been taken 370 times
  • The average score is 19 of 30

Answer Stats

%Country% Correct
36.2United States
95%
28.9Mexico
90%
29.4Canada
88%
27.8United Kingdom
87%
28.0Chile
79%
28.3Argentina
77%
32.0Egypt
76%
61.0Nauru
75%
28.3South Africa
73%
27.9Uruguay
71%
55.3Palau
70%
48.2Tonga
69%
51.6Tuvalu
68%
26.4Suriname
67%
27.4Algeria
64%
25.6Venezuela
63%
35.4Saudi Arabia
61%
32.5Libya
59%
52.9Marshall Islands
59%
26.9Tunisia
56%
35.1Qatar
55%
37.9Kuwait
54%
32.1Turkey
53%
31.6Bahamas
50%
27.9Dominica
44%
35.5Jordan
39%
26.0Czech Republic
37%
26.4Hungary
37%
28.9Malta
32%
26.3Lithuania
24%

Score Distribution

Percentile by Number Answered

Percent of People with Each Score

Your Score History

You have not taken this quiz